=LDR 00000nam 2200000 4500 =001 INLIS000000000059374 =005 20211111121050 =035 ##$$a 0010-1121000111 =007 ta =008 211111###########################0#ind## =020 ##$$a 979-3654-24-4 =082 ##$$a 306.3 =084 ##$$a 306.3 Phi s =245 1#$$a Sosiologi dan Politik /$c Drs. Ng. Philipus, M, si =250 ##$$a cet 2 =300 ##$$a 252 halaman ; $c 20 cm =650 #4$$a Sosiologi, Politik =264 ##$$a Jakarta :$b Rajawali Press,$c 2006 =336 ##$$a teks$2 rdacontent =337 ##$$a lain-lain$2 rdamedia =338 ##$$a lain-lain$2 rdacarrier =990 ##$$a 28122812